La guerra terminó / (Record no. 114750)

MARC details
000 -LEADER
campo de control de longitud fija 01349nam a2200361 i 4500
001 - NÚMERO DE CONTROL
campo de control 114750
003 - IDENTIFICADOR DE NÚMERO DE CONTROL
campo de control mxcmmo
005 - FECHA Y HORA DE LA ÚLTIMA TRANSACCIÓN
campo de control 20260331231519.0
008 - DATOS DE LONGITUD FIJA--INFORMACIÓN GENERAL
campo de control de longitud fija 260211e202403 cmma|||d |||| 00| 1 spa d
020 ## - NÚMERO INTERNACIONAL ESTÁNDAR DEL LIBRO
Número Internacional Estándar del Libro 9786075897271
035 ## - NÚMERO DE CONTROL DEL SISTEMA
Número de control de sistema 260141
040 ## - FUENTE DE CATALOGACIÓN
Centro catalogador/agencia de origen mxcmmo
Lengua de catalogación spa
Centro/agencia transcriptor mxcmmo
Normas de descripción rda
041 1# - CÓDIGO DE IDIOMA
Código de lengua del texto/banda sonora o título independiente spa
Código de lengua original eng
082 04 - NÚMERO DE LA CLASIFICACIÓN DECIMAL DEWEY
Clasificación 868.99
Número de ítem ALM.g
100 1# - ENTRADA PRINCIPAL--NOMBRE DE PERSONA
Nombre de persona Almond, David,
Fechas asociadas al nombre 1951-
Término indicativo de función/relación autor
9 (RLIN) 207650
240 10 - TÍTULO UNIFORME
Título uniforme War is over.
Lenguaje de la obra Español
245 13 - MENCIÓN DEL TÍTULO
Título La guerra terminó /
Mención de responsabilidad, etc. David Almond ; ilustrado por David Litchfield ; traducido por Pilar Armida ; prólogo de Adolfo Córdova
250 ## - MENCION DE EDICION
Mención de edición Primera edición, marzo
264 #1 - PRODUCCIÓN, PUBLICACIÓN, DISTRIBUCIÓN, FABRICACIÓN Y COPYRIGHT
Producción, publicación, distribución, fabricación y copyright Ciudad de México :
Nombre del de productor, editor, distribuidor, fabricante Loqueleo Santillana,
Fecha de producción, publicación, distribución, fabricación o copyright 2024
300 ## - DESCRIPCIÓN FÍSICA
Extensión 129 páginas :
Otras características físicas ilustraciones en blanco y negro ;
Dimensiones 19 cm
336 ## - TIPO DE CONTENIDO
Término de tipo de contenido texto
Código de tipo de contenido txt
Fuente rdacontent
337 ## - TIPO DE MEDIO
Nombre/término del tipo de medio sin medio
Código del tipo de medio n
Fuente rdamedia
338 ## - TIPO DE SOPORTE
Nombre/término del tipo de soporte volumen
Código del tipo de soporte nc
Fuente rdacarrier
534 ## - NOTA SOBRE LA VERSIÓN ORIGINAL
Frase introductoria Título original:
Mención de título del original War is over
541 0# - NOTA DE FUENTE DE ADQUISICIÓN DIRECTA
Fuente de adquisición Cafebrería El Péndulo
Forma de adquisición Compra
650 #7 - PUNTO DE ACCESO ADICIONAL DE MATERIA--TÉRMINO DE MATERIA
Término de materia o nombre geográfico como elemento de entrada Literatura infantil
9 (RLIN) 24859
700 1# - ENTRADA AGREGADA--NOMBRE PERSONAL
Nombre de persona Almond, David,
Fechas asociadas al nombre 1951-
Información de relación Traducción de (expresión):
Título de la obra War is over
9 (RLIN) 207650
700 1# - ENTRADA AGREGADA--NOMBRE PERSONAL
Nombre de persona Armida, Pilar
Término indicativo de función/relación traductor
9 (RLIN) 207665
700 1# - ENTRADA AGREGADA--NOMBRE PERSONAL
Nombre de persona Córdova, Adolfo
Fechas asociadas al nombre 1983-
Término indicativo de función/relación prologuista
9 (RLIN) 206614
700 1# - ENTRADA AGREGADA--NOMBRE PERSONAL
Nombre de persona Litchfield, David
Término indicativo de función/relación ilustrador
9 (RLIN) 207651
900 ## - ELEMENTOS DE DATOS A LOCAL, LDA (RLIN)
Nombre de persona Luis Manuel Hernández
Numeración Chávez Lorenzo, María de Lourdes
942 ## - ELEMENTOS DE ENTRADA SECUNDARIOS (KOHA)
Fuente del sistema de clasificación o colocación Clasificación Decimal Dewey
Tipo de ítem Koha Libro
901 ## - ELEMENTOS DE DATOS A LOCAL LDA (RLIN)
a batch batch
Holdings
Estatus retirado Estado de pérdida Fuente del sistema de clasificación o colocación Estado de daño Restricciones de uso No para préstamo Colección Biblioteca de origen Biblioteca actual Fecha de adquisición Fuente de adquisición Número de inventario Total de préstamos Signatura topográfica completa Código de barras Visto por última vez Precio de reemplazo Tipo de ítem Koha
    Clasificación Decimal Dewey   En sala   Colección Infantil Biblioteca Nicolas Poussin Biblioteca Nicolas Poussin 11/02/2026 Compra 141385   (CI)/868.99 ALM.g 33006801145550 11/02/2026 11/02/2026 Libro préstamo regular